000 00996cam a2200313 4500
999 _c23588
_d23588
001 vtls011985482
005 20240710080159.0
008 240210s2020 xo gr 000 f slo
020 _a9788055172521
_q(viazané)
035 _aurn:nbn:sk:snk-am00ff5t
035 _aurn:nbn:sk:snk-am3irk9
035 _a2F72745C-9440-4A3F-A209-2D57B2D4823C
040 _aTTKJF
_bslo
_cTTKJF
_dSNK
_erda
041 0 _aslo
044 _axo
_cSK
072 7 _a821.162.4-3
_xSlovenská próza
_2konspekt
080 _a821.162.4-32
_22011
100 1 _aBoysová, Adriana,
_d1980-
_4aut
_93938
245 1 0 _aMimóza
_cAdriana Boysová
264 1 _aBratislava
_bIkar, a.s.
_c2020
300 _a191 strán
_c21 cm
336 _atext
_btxt
_2rdacontent
337 _abez média
_bn
_2rdamedia
338 _azväzok
_bnc
_2rdacarrier
500 _aObsahuje biografické údaje o autorke na zadnej obálke
655 7 _aslovenské poviedky
_2SNKPH
_91766
655 7 _aSlovak stories
_2SNKPHeng
_91702
958 _aLX